Some aspects of role of panchayats and institutional arrangements for canal irrigation in two Talukas of Ahmedabad district (Record no. 509263)

000 -LEADER
fixed length control field 00447nam a22001097a 4500
100 ## - MAIN ENTRY--PERSONAL NAME
Personal name Trivedi, Harshad R.
9 (RLIN) 4874
245 ## - TITLE STATEMENT
Title Some aspects of role of panchayats and institutional arrangements for canal irrigation in two Talukas of Ahmedabad district
Statement of responsibility, etc by Harshad R. Trivedi
260 ## - PUBLICATION, DISTRIBUTION, ETC. (IMPRINT)
Place of publication, distribution, etc Ahmedabad
Name of publisher, distributor, etc Institute of Cultural and Urban Anthropology
Date of publication, distribution, etc 1982
300 ## - PHYSICAL DESCRIPTION
Extent 73p.
650 ## - SUBJECT ADDED ENTRY--TOPICAL TERM
Topical term or geographic name as entry element Panchayats - India - Ahmedabad
9 (RLIN) 4875
650 ## - SUBJECT ADDED ENTRY--TOPICAL TERM
Topical term or geographic name as entry element Irrigation
9 (RLIN) 4876
Holdings
Withdrawn status Lost status Source of classification or shelving scheme Damaged status Not for loan Permanent location Current location Date acquired Barcode Date last seen Price effective from Koha item type
          Indian Institute of Public Administration Indian Institute of Public Administration 2019-04-29 GG33349 2019-04-29 2019-04-29 GG

Powered by Koha